[Event "Olomouc Chess Summer 2025 - D2"]
[Site "Olomouc (CZE), Hotel Flora"]
[Date "2025.08.19"]
[Round "4"]
[Board "12"]
[White "Mojzis, Jan"]
[Black "Margovsky, Naum"]
[Result "1/2-1/2"]
[WhiteElo "2028"]
[BlackElo "1886"]
[PlyCount "0"]
[EventDate "2025.08.17"]
[EventRounds "9"]
[EventCountry "CZE"]

1. e4 e6 2. d4 d5 3. Nd2 dxe4 4. Nxe4 Bd7 5. Nf3 Bc6 6. Bd3 Nd7 7. O-O Ngf6 8. Qe2
Nxe4 9. Bxe4 Bxe4 10. Qxe4 c6 11. c3 Be7 12. Re1 O-O 13. Bf4 Qb6 14. Qc2 a5 15. Rad1
a4 16. h3 Rfe8 17. Re2 Nf6 18. Ne5 Qa6 19. Bg5 Nd5 20. Bxe7 Rxe7 21. g3 f6 22. Nd3
b6 23. c4 Nc7 24. Nb4 Qb7 25. Qe4 Rd7 26. Qxc6 Qxc6 27. Nxc6 Kf7 28. Nb4 Rad8 29.
Red2 Ne8 30. d5 e5 31. b3 Nd6 32. Re1 Ra8 33. Nc6 axb3 34. axb3 Ra3 35. Rb2 h5 36.
h4 g6 37. Kg2 Kf8 38. f3 Nb7 39. Re3 b5 40. Kf2 Ra1 41. Re1 Ra3 42. Re3 Ra1 43. Nb4
bxc4 44. bxc4 Rc7 45. Nc6 Rc1 46. Ra3 Nd6 47. Ra8+ Kg7 48. Rbb8 Rc2+ 49. Ke1 Rxc4
50. Rg8+ Kh6 51. Rh8+ Rh7 52. Rhf8 Rf7 53. Rh8+ Rh7 54. Rhf8 Rf7  1/2-1/2

[Event "Olomouc Chess Summer 2025 - D2"]
[Site "Olomouc (CZE), Hotel Flora"]
[Date "2025.08.19"]
[Round "4"]
[Board "13"]
[White "Mlynek, Petr"]
[Black "Fiser, Jiri"]
[Result "1-0"]
[WhiteElo "2007"]
[BlackElo "1860"]
[PlyCount "0"]
[EventDate "2025.08.17"]
[EventRounds "9"]
[EventCountry "CZE"]

1. d4 f5 2. e4 fxe4 3. Nc3 Nf6 4. Bg5 Nc6 5. d5 Ne5 6. Qd4 Nf7 7. Bxf6 exf6 8. O-O-O
Be7 9. Qxe4 O-O 10. Nf3 Ng5 11. Qc4 d6 12. Nd4 a6 13. f4 Nf7 14. Be2 f5 15. Bf3 Nh6
16. Rhe1 Rf6 17. Ne6 Bxe6 18. dxe6 c6 19. h3 Rg6 20. g4 fxg4 21. hxg4 Nxg4 22. f5
 1-0

[Event "Olomouc Chess Summer 2025 - D2"]
[Site "Olomouc (CZE), Hotel Flora"]
[Date "2025.08.19"]
[Round "4"]
[Board "14"]
[White "Andersen, Per O"]
[Black "Franc, Lubor"]
[Result "1/2-1/2"]
[WhiteElo "1999"]
[BlackElo "1849"]
[PlyCount "0"]
[EventDate "2025.08.17"]
[EventRounds "9"]
[EventCountry "CZE"]

1. Nf3 Nf6 2. e3 g6 3. d4 Bg7 4. c4 O-O 5. Be2 c6 6. Nc3 d6 7. Qc2 Re8 8. O-O Qc7
9. e4 e5 10. dxe5 dxe5 11. h3 h6 12. Be3 Nh5 13. Rfd1 Nf4 14. Bf1 b6 15. b4 Bb7 16.
Rac1 Kh7 17. b5 c5 18. Nd5 Nxd5 19. exd5 Qd6 20. Nd2 f5 21. f3 Nd7 22. Bd3 Nf6 23.
Bf2 h5 24. Be3 Bh6 25. Bxh6 Kxh6 26. Re1 Bc8 27. Nf1 Bd7 28. Qd2+ Kg7 29. Qg5 e4
30. fxe4 fxe4 31. Bc2 Qe5 32. Qxe5 Rxe5 33. Ne3 Rd8 34. Rf1 Bf5 35. Rf2 Ne8 36. Rcf1
Nd6 37. Bd1 Bc8 38. Be2 Rg5 39. Kh2 Re5 40. g4 h4 41. a4 Re7 42. Ra1 Rf7 43. Rxf7+
Kxf7 44. Rf1+ Ke7 45. Ng2 g5 46. Ne3  1/2-1/2

[Event "Olomouc Chess Summer 2025 - D2"]
[Site "Olomouc (CZE), Hotel Flora"]
[Date "2025.08.19"]
[Round "4"]
[Board "15"]
[White "Tejkal, Jiri"]
[Black "Bartos, Alois"]
[Result "0-1"]
[WhiteElo "1845"]
[BlackElo "1974"]
[PlyCount "0"]
[EventDate "2025.08.17"]
[EventRounds "9"]
[EventCountry "CZE"]

1. d4 Nf6 2. Nf3 g6 3. c4 c5 4. d5 e6 5. Nc3 exd5 6. cxd5 d6 7. e4 Bg7 8. Be2 O-O
9. O-O Re8 10. Nd2 a6 11. a4 Nbd7 12. f4 Rb8 13. a5 Qe7 14. Bf3 b5 15. axb6 Rxb6
16. Ra3 Nb8 17. e5 dxe5 18. fxe5 Nfd7 19. Nc4 Rb4 20. d6 Qd8 21. Bd5 Rf8 22. Na2
Rxc4 23. Bxc4 Nxe5 24. Bd5 Nbc6 25. Bxc6 Nxc6 26. Qd5 Nd4 27. Qxc5 Ne2+ 28. Kh1 Bb7
29. Nc3 Nd4 30. Nd5 Qa8 31. Nf6+ Bxf6 32. Rxf6 Rc8 33. Qg5 Bxg2+ 34. Kg1 Rxc1+ 35.
Kf2 Rf1+ 36. Ke3 Qe4+ 37. Kd2 Qc2+ 38. Ke3 Qc1+ 39. Kxd4 Rd1+ 40. Rd3 Rxd3+  0-1

[Event "Olomouc Chess Summer 2025 - D2"]
[Site "Olomouc (CZE), Hotel Flora"]
[Date "2025.08.19"]
[Round "4"]
[Board "16"]
[White "Loibl, Johann"]
[Black "Green, Per"]
[Result "0-1"]
[WhiteElo "1832"]
[BlackElo "1961"]
[PlyCount "0"]
[EventDate "2025.08.17"]
[EventRounds "9"]
[EventCountry "CZE"]

1. e4 c5 2. b4 cxb4 3. a3 d5 4. exd5 Qxd5 5. Nf3 e6 6. Bb2 Nf6 7. Bd3 Nc6 8. O-O
Be7 9. axb4 Nxb4 10. Nc3 Qd8 11. Bb5+ Bd7 12. Ne5 Bxb5 13. Nxb5 a6 14. Na3 O-O 15.
Nac4 Rc8 16. Ba3 Nbd5 17. Qb1 Bxa3 18. Rxa3 Qc7 19. Qb2 b5 20. Ne3 Nxe3 21. fxe3
Qxc2 22. Qa1 Rfd8 23. Ra2 Qc7 24. Rxa6 Qc5 25. d4 Qc3 26. Ra3 Qxa1 27. Rfxa1 Nd5
28. Ra7 f6 29. Nf7 Rf8 30. Nd6 Rb8 31. Rd7 Rfd8 32. Rxd8+ Rxd8 33. Nxb5 Nxe3 34.
Ra6 e5 35. dxe5 fxe5 36. Re6 Rd5 37. Nd6 h6 38. Re8+ Kh7 39. Nf7 Ng4 40. g3 Kg6 41.
Rf8 e4 42. Nh8+ Kh7 43. Rf4 Rd1+ 44. Kg2 Nf6 45. Nf7 Rd2+ 46. Kg1 Rd5 47. Kf2 Rd2+
48. Kg1 e3 49. Ne5 Rd1+ 50. Rf1 e2  0-1

[Event "Olomouc Chess Summer 2025 - D2"]
[Site "Olomouc (CZE), Hotel Flora"]
[Date "2025.08.19"]
[Round "4"]
[Board "17"]
[White "Pavlicek, Petr"]
[Black "Macoun, Jiri"]
[Result "1/2-1/2"]
[WhiteElo "1916"]
[BlackElo "1744"]
[PlyCount "0"]
[EventDate "2025.08.17"]
[EventRounds "9"]
[EventCountry "CZE"]

1. e4 e5 2. Nf3 Nc6 3. Bb5 Bc5 4. c3 d6 5. O-O a6 6. Ba4 b5 7. Bb3 Bg4 8. h3 Bh5
9. d3 h6 10. Re1 Nf6 11. Be3 Ba7 12. Nbd2 O-O 13. Nf1 Re8 14. Bxa7 Rxa7 15. Ng3 Bg6
16. Nh4 Bh7 17. Nhf5 Ne7 18. Qf3 Bxf5 19. Nxf5 Nxf5 20. Qxf5 c5 21. a4 Qb6 22. Re2
Rc7 23. axb5 axb5 24. Bd5 Nxd5 25. exd5 Rb7  1/2-1/2

[Event "Olomouc Chess Summer 2025 - D2"]
[Site "Olomouc (CZE), Hotel Flora"]
[Date "2025.08.19"]
[Round "4"]
[Board "18"]
[White "Hornak, Pavol"]
[Black "Dvorak, Vladimir"]
[Result "1/2-1/2"]
[WhiteElo "1759"]
[BlackElo "1912"]
[PlyCount "0"]
[EventDate "2025.08.17"]
[EventRounds "9"]
[EventCountry "CZE"]

1. d4 e6 2. c4 f5 3. Nf3 Nf6 4. a3 Be7 5. g3 d6 6. Bg2 O-O 7. O-O a5 8. Nc3 c6 9.
b3 Qe8 10. a4 Qh5 11. e3 g5 12. h3 Na6 13. Nh2 Qg6 14. d5 cxd5 15. cxd5 e5 16. Ba3
Nc7 17. Nf3 Nd7 18. Qc2 Na6 19. Nh2 Ndc5 20. g4 h5 21. f3 hxg4 22. fxg4 Kg7 23. gxf5
Bxf5 24. e4 Bd7 25. Rxf8 Rxf8 26. Rf1 Rxf1+ 27. Nxf1 g4  1/2-1/2

[Event "Olomouc Chess Summer 2025 - D2"]
[Site "Olomouc (CZE), Hotel Flora"]
[Date "2025.08.19"]
[Round "4"]
[Board "19"]
[White "Bjornes, Leif"]
[Black "Horyna, Josef"]
[Result "1-0"]
[WhiteElo "1963"]
[BlackElo "1717"]
[PlyCount "0"]
[EventDate "2025.08.17"]
[EventRounds "9"]
[EventCountry "CZE"]

1. d4 Nf6 2. c4 e6 3. Nc3 d5 4. Bg5 Be7 5. e3 c6 6. Nf3 Nbd7 7. Qc2 h6 8. Bh4 O-O
9. Rd1 Re8 10. a3 Qa5 11. Nd2 e5 12. cxd5 Nxd5 13. Nc4 Qd8 14. Bxe7 Qxe7 15. Be2
exd4 16. Rxd4 N7f6 17. O-O Nxc3 18. Qxc3 Nd5 19. Qd3 g6 20. Bf3 Be6 21. Rd1 Qc7 22.
g3 b5 23. Nd2 Nb6 24. Ne4 Kg7 25. Qc3 Qe5 26. Nd6 Bd5 27. Nxe8+ Rxe8 28. Bxd5 cxd5
29. R4d3 Qxc3 30. Rxc3 Re7 31. b3 g5 32. Rc5 a6 33. Rc6 Rb7 34. Rdc1 a5 35. R1c5
a4 36. Rxb5  1-0

[Event "Olomouc Chess Summer 2025 - D2"]
[Site "Olomouc (CZE), Hotel Flora"]
[Date "2025.08.19"]
[Round "4"]
[Board "20"]
[White "Svanholm, Borge Waaktaar"]
[Black "Sveda, Jiri"]
[Result "1/2-1/2"]
[WhiteElo "1936"]
[BlackElo "1839"]
[PlyCount "0"]
[EventDate "2025.08.17"]
[EventRounds "9"]
[EventCountry "CZE"]

1. d4 e6 2. Nf3 f5 3. e3 Nf6 4. Be2 b6 5. O-O Bb7 6. c4 Be7 7. b3 O-O 8. Bb2 Ne4
9. Nc3 d6 10. Qc2 Bf6 11. Rfd1 Qe8 12. Ne1 Nxc3 13. Bxc3 Qg6 14. Bf3 Bxf3 15. Nxf3
Nd7 16. Rac1 Rad8 17. Rd2 Be7 18. Ne1 Qh6 19. Re2 Nf6 20. f3 d5 21. Nd3 Nd7 22. Rce1
Bd6 23. Ne5 Nf6 24. Bd2 Qh4 25. Rf1 a5 26. Qc1 Nd7 27. Bc3 dxc4 28. g3 Qh5 29. Nxc4
Be7 30. Qc2 Nf6 31. Ne5 Bd6 32. Nc4  1/2-1/2

[Event "Olomouc Chess Summer 2025 - D2"]
[Site "Olomouc (CZE), Hotel Flora"]
[Date "2025.08.20"]
[Round "5"]
[Board "1"]
[White "Petras, Milan"]
[Black "Babula, Milan"]
[Result "0-1"]
[WhiteElo "1977"]
[BlackElo "2086"]
[PlyCount "0"]
[EventDate "2025.08.17"]
[EventRounds "9"]
[EventCountry "CZE"]

1. e4 e6 2. d4 d5 3. e5 c5 4. c3 Nc6 5. Nf3 Qb6 6. a3 a5 7. Bd3 Bd7 8. O-O cxd4 9.
cxd4 Nxd4 10. Nxd4 Qxd4 11. Qe2 Ne7 12. Kh1 Nc6 13. f4 Qb6 14. Nc3 Nd4 15. Qf2 Bc5
16. Qg3 g6 17. f5 Nxf5 18. Bxf5 gxf5 19. Bg5 Rg8 20. Qh4 Qxb2 21. Na4 Bxa4 22. Qxa4+
b5 23. Qf4 h6 24. Qd2 Qxd2 25. Bxd2 Kd7 26. Bxh6 Bd4 27. Rae1 b4 28. Rf3 Rgb8 29.
Bg7 bxa3 30. Rxa3 Bb2 31. Ra4 Rb4 32. Rxb4 axb4 33. h4 Ra1 34. Rxa1 Bxa1 35. h5 b3
36. h6 b2 37. h7 b1=Q+ 38. Kh2 Qb8 39. h8=Q Qxh8+ 40. Bxh8 Kc6 41. Kg3 d4 42. Kf4
Kd5 43. g4 fxg4  0-1

[Event "Olomouc Chess Summer 2025 - D2"]
[Site "Olomouc (CZE), Hotel Flora"]
[Date "2025.08.20"]
[Round "5"]
[Board "2"]
[White "Kubicek, Antonin"]
[Black "Lorenc, Oldrich"]
[Result "1/2-1/2"]
[WhiteElo "2074"]
[BlackElo "2005"]
[PlyCount "0"]
[EventDate "2025.08.17"]
[EventRounds "9"]
[EventCountry "CZE"]

1. c4 g6 2. Nc3 Bg7 3. g3 Nf6 4. Bg2 O-O 5. b4 c6 6. Bb2 d5 7. cxd5 Nxd5 8. Qb3 Be6
9. Nxd5 Bxd5 10. Bxd5 Qxd5 11. Qxd5 cxd5  1/2-1/2

[Event "Olomouc Chess Summer 2025 - D2"]
[Site "Olomouc (CZE), Hotel Flora"]
[Date "2025.08.20"]
[Round "5"]
[Board "3"]
[White "Schmid, Thomas"]
[Black "Balishansky, Alexander"]
[Result "1-0"]
[WhiteElo "2038"]
[BlackElo "1918"]
[PlyCount "0"]
[EventDate "2025.08.17"]
[EventRounds "9"]
[EventCountry "CZE"]

1. e4 Nf6 2. e5 Nd5 3. d4 d6 4. Nf3 g6 5. Bc4 Nb6 6. Bb3 Bg7 7. Ng5 d5 8. f4 f6 9.
Nf3 Bg4 10. O-O Na6 11. c3 c5 12. h3 Bxf3 13. Rxf3 Qd7 14. a4 c4 15. Bc2 Nb8 16.
a5 Nc8 17. Nd2 b5 18. axb6 Nxb6 19. b3 Nc6 20. bxc4 dxc4 21. Ne4 f5 22. Nc5 Qd5 23.
g4 e6 24. gxf5 exf5 25. Na6 O-O-O 26. Ba3 Bf8 27. Rf2 Kb7 28. Bxf8 Rhxf8 29. Ba4
Rf7 30. Rfa2 Rg7 31. Bxc6+  1-0

[Event "Olomouc Chess Summer 2025 - D2"]
[Site "Olomouc (CZE), Hotel Flora"]
[Date "2025.08.20"]
[Round "5"]
[Board "4"]
[White "Pospisil, Evzen"]
[Black "Galt, Valeri"]
[Result "1-0"]
[WhiteElo "2020"]
[BlackElo "1962"]
[PlyCount "0"]
[EventDate "2025.08.17"]
[EventRounds "9"]
[EventCountry "CZE"]

1. d4 Nf6 2. Nf3 g6 3. c4 c5 4. g3 Bg7 5. Bg2 O-O 6. O-O cxd4 7. Nxd4 d6 8. Nc3 a6
9. b3 Qc7 10. Bb2 Nc6 11. Rc1 Nxd4 12. Qxd4 e5 13. Nd5 Nxd5 14. Qxd5 Rd8 15. Rfd1
Bg4 16. Qxb7 Qxb7 17. Bxb7 Ra7 18. Bf3 Bxf3 19. exf3 Rad7 20. Rd5 Kf8 21. Rcd1 Ke7
22. f4 f6 23. Bc1 Ke6 24. Kg2 Bh6 25. f5+  1-0

[Event "Olomouc Chess Summer 2025 - D2"]
[Site "Olomouc (CZE), Hotel Flora"]
[Date "2025.08.20"]
[Round "5"]
[Board "5"]
[White "Kubala, Karel"]
[Black "Mlynek, Petr"]
[Result "0-1"]
[WhiteElo "1855"]
[BlackElo "2007"]
[PlyCount "0"]
[EventDate "2025.08.17"]
[EventRounds "9"]
[EventCountry "CZE"]

1. c4 f5 2. Nf3 Nf6 3. Nc3 g6 4. b3 Bg7 5. Bb2 d6 6. d4 c6 7. g3 O-O 8. Bg2 Re8 9.
d5 cxd5 10. cxd5 Na6 11. O-O Bd7 12. Qd2 Nc5 13. Nd4 a5 14. Rab1 Qb6 15. Ba1 Qb4
16. a3 Qb6 17. h3 Rec8 18. Kh2 Qa6 19. f3 b5 20. b4 axb4 21. axb4 Na4 22. e4 fxe4
23. fxe4 Rc4 24. Bf3 Rxd4 25. Qxd4 Ng4+ 26. Bxg4 Bxd4 27. Nxb5 Bxg4 28. Nxd4 Bd7
29. Rf2 Rf8 30. Rd2 Rf1 31. b5 Bxb5 32. Rxb5 Rxa1 33. Rf2 Qa7 34. Kg2 Qxd4  0-1

[Event "Olomouc Chess Summer 2025 - D2"]
[Site "Olomouc (CZE), Hotel Flora"]
[Date "2025.08.20"]
[Round "5"]
[Board "6"]
[White "Ortoft, Kai"]
[Black "Keprt, Pavel"]
[Result "0-1"]
[WhiteElo "1992"]
[BlackElo "1960"]
[PlyCount "0"]
[EventDate "2025.08.17"]
[EventRounds "9"]
[EventCountry "CZE"]

1. Nf3 f5 2. e4 e6 3. exf5 exf5 4. d4 Nf6 5. c4 Bb4+ 6. Bd2 Bxd2+ 7. Qxd2 O-O 8.
Be2 Ne4 9. Qc2 d6 10. O-O Nc6 11. a3 Qf6 12. Rd1 Ng5 13. Qd2 Nxf3+ 14. Bxf3 Ne7 15.
Nc3 c6 16. b4 g5 17. g3 Ng6 18. b5 Bd7 19. Re1 Rae8 20. Bg2 Kg7 21. a4 h5 22. a5
Rxe1+ 23. Rxe1 a6 24. b6 h4 25. f4 hxg3 26. fxg5 gxh2+ 27. Kxh2 Qf7 28. c5 d5 29.
Qf2 f4 30. Bf1 Qf5 31. Qf3 Rh8+ 32. Kg1 Qxg5+ 33. Qg2 Qf5 34. Re5 Qg4 35. Qxg4 Bxg4
36. Rg5 Bd7 37. Bd3 Rh6 38. Ne2 Kf6 39. Rxg6+ Rxg6+ 40. Bxg6 Kxg6 41. Nxf4+ Kf5 42.
Nh5 Kg5 43. Ng3 Bg4 44. Kf2 Kf4 45. Nf1 Ke4 46. Ne3 Bc8  0-1

[Event "Olomouc Chess Summer 2025 - D2"]
[Site "Olomouc (CZE), Hotel Flora"]
[Date "2025.08.20"]
[Round "5"]
[Board "7"]
[White "Bartos, Alois"]
[Black "Vlacil, Vladimir"]
[Result "1-0"]
[WhiteElo "1974"]
[BlackElo "1914"]
[PlyCount "0"]
[EventDate "2025.08.17"]
[EventRounds "9"]
[EventCountry "CZE"]

1. e4 c5 2. Nf3 e6 3. d4 cxd4 4. Nxd4 a6 5. Bd3 Qc7 6. O-O Nc6 7. Nb3 Nf6 8. c3 Be7
9. f4 d6 10. N1d2 O-O 11. Nf3 b6 12. Qe1 e5 13. Kh1 Re8 14. fxe5 Nxe5 15. Nxe5 dxe5
16. Bg5 Be6 17. Qh4 Ng4 18. Bxe7 Qxe7 19. Qg3 f6 20. h3 Nh6 21. Qe3 Red8 22. Rad1
Rd6 23. Be2 a5 24. Rxd6 Qxd6 25. Rd1 Qc7 26. Qd3 Nf7 27. Nc1 Rd8 28. Qc2 Rxd1+ 29.
Qxd1 Qc6 30. Qc2 Nd6 31. Bf3 Kf8 32. b3 Bf7 33. Ne2 g6 34. Qd3 Kg7 35. c4 a4 36.
Nc3 axb3 37. axb3 Nb7 38. Nd5 Nc5 39. Qe3 Nd7 40. Bg4 Nc5 41. b4 Na4 42. Be2 Be8
43. h4 Qb7 44. Kh2 b5 45. c5 Bc6 46. Bf3 Nb2 47. Qd2 Nc4 48. Qc1 f5 49. Qg5 Bxd5
50. exd5 e4 51. Be2 Qxd5 52. Qe7+ Kh6 53. Qf8#  1-0

[Event "Olomouc Chess Summer 2025 - D2"]
[Site "Olomouc (CZE), Hotel Flora"]
[Date "2025.08.20"]
[Round "5"]
[Board "8"]
[White "Green, Per"]
[Black "Popelka, Oldrich"]
[Result "1/2-1/2"]
[WhiteElo "1961"]
[BlackElo "2064"]
[PlyCount "0"]
[EventDate "2025.08.17"]
[EventRounds "9"]
[EventCountry "CZE"]

1. Nf3 c5 2. c4 Nf6 3. g3 d5 4. cxd5 Nxd5 5. Bg2 Nc6 6. Nc3 e5 7. Nxe5 Nxc3 8. Nxc6
Nxd1 9. Nxd8 Nxf2 10. Nxf7 Nd3+ 11. exd3 Kxf7 12. O-O+ Ke6 13. b3 Be7 14. Bb2 Bf6
15. Rae1+ Kf7 16. Bd5+ Kg6 17. Bxf6 gxf6 18. Re7 Bh3 19. Rfe1 Rad8 20. Be4+ f5 21.
Bxb7 Rxd3 22. R1e6+ Kh5 23. Re2 Bg4 24. Rf2 Rhd8 25. Rxh7+ Kg6 26. Rc7 Rxd2 27. Rxd2
Rxd2 28. a4 Rd3 29. Rxc5 Rxb3 30. Rb5 Ra3 31. Ra5 Ra1+ 32. Kf2 Ra2+ 33. Ke3 Rxh2
34. Bf3 Bxf3 35. Kxf3 Kg5 36. Rxa7 Ra2 37. a5 Ra3+ 38. Kf2 Ra2+ 39. Kf3 Ra3+ 40.
Kg2 Kg4 41. Rg7+ Kh5 42. Ra7 Kg5  1/2-1/2

[Event "Olomouc Chess Summer 2025 - D2"]
[Site "Olomouc (CZE), Hotel Flora"]
[Date "2025.08.20"]
[Round "5"]
[Board "9"]
[White "Kisa, Lubomir"]
[Black "Hruska, Vladimir"]
[Result "1-0"]
[WhiteElo "2137"]
[BlackElo "1901"]
[PlyCount "0"]
[EventDate "2025.08.17"]
[EventRounds "9"]
[EventCountry "CZE"]

1. e4 Nf6 2. e5 Nd5 3. d4 d6 4. Nf3 Bg4 5. Be2 c6 6. O-O Bxf3 7. Bxf3 dxe5 8. dxe5
e6 9. Qe2 Nd7 10. c4 Ne7 11. b3 Ng6 12. Bb2 Qc7 13. Be4 Ngxe5 14. f4 Ng6 15. f5 Nge5
16. fxe6 fxe6 17. Qh5+ Kd8 18. Rd1 Kc8 19. Qe8+ Qd8  1-0

[Event "Olomouc Chess Summer 2025 - D2"]
[Site "Olomouc (CZE), Hotel Flora"]
[Date "2025.08.20"]
[Round "5"]
[Board "10"]
[White "Kulhavy, Frantisek"]
[Black "Kolesar, Milan"]
[Result "1/2-1/2"]
[WhiteElo "1886"]
[BlackElo "2093"]
[PlyCount "0"]
[EventDate "2025.08.17"]
[EventRounds "9"]
[EventCountry "CZE"]

1. e4 c5 2. Nf3 d6 3. d4 cxd4 4. Nxd4 Nf6 5. Nc3 Nc6 6. Be3 Ng4 7. Nxc6 bxc6 8. Qd2
Nxe3 9. Qxe3 Qb6 10. Qxb6 axb6 11. a3 g6 12. Rb1 Bg7 13. Nd1 b5 14. c3 O-O 15. Bd3
Be6 16. Ke2 Rfb8 17. Ne3 Bd7 18. Rhd1 e6 19. Bc2 d5 20. f3 Be8 21. Kf2 h5 22. g3
Rd8 23. exd5 cxd5 24. Ke2 d4 25. cxd4 Rxd4 26. Rxd4 Bxd4 27. Bb3 Kf8 28. Nc2 Bf6
29. Nb4 Ke7 30. Nd3 Rc8 31. Ke3 Bd7 32. f4 Bg7 33. Ne5 Be8 34. Ke4 f6 35. Nd3 g5
36. Ke3 Bg6 37. Re1 Bh6 38. Kd2 Bf5 39. Bxe6 Bxe6 40. f5 g4+ 41. Kd1 Rc6 42. Rxe6+
Rxe6 43. fxe6 Kxe6 44. Ke2 Kd5 45. b3 f5 46. a4 bxa4 47. bxa4 Kc4 48. Nf2 Kb4 49.
h3 Kxa4 50. hxg4 fxg4 51. Kd3 Kb3  1/2-1/2

[Event "Olomouc Chess Summer 2025 - D2"]
[Site "Olomouc (CZE), Hotel Flora"]
[Date "2025.08.20"]
[Round "5"]
[Board "11"]
[White "Margovsky, Naum"]
[Black "fainberg, Boris"]
[Result "1-0"]
[WhiteElo "1886"]
[BlackElo "2083"]
[PlyCount "0"]
[EventDate "2025.08.17"]
[EventRounds "9"]
[EventCountry "CZE"]

1. d4 Nf6 2. c4 e6 3. g3 d5 4. Nc3 Be7 5. Bg2 O-O 6. cxd5 exd5 7. Nf3 c5 8. O-O Nc6
9. e3 Re8 10. a3 Bf8 11. dxc5 Bxc5 12. b4 Bb6 13. Na4 Bc7 14. Bb2 Ne4 15. Rc1 Bg4
16. Qc2 Rc8 17. Nc5 Nxc5 18. bxc5 Qd7 19. Rfe1 f6 20. Nd4 Nxd4 21. exd4 Ba5 22. Bc3
Bxc3 23. Qxc3 Be2 24. Qb2 Bc4 25. Re3 a6 26. Rb1 Bb5 27. Qb3 Bc6 28. Rbe1 Kf8 29.
Qd3 Rxe3 30. fxe3 g6 31. h4 Rd8 32. Kh2 Kg7 33. Bh3 Qe7 34. Bg4 Re8 35. Bf3 Qe6 36.
Qd1 Qd7 37. Bg4 Qd8 38. Bh3 Re7 39. Qf3 Re4 40. Bg2 Qe7 41. Qf2 Re6 42. Bf3 Qd8 43.
Kg2 Re7 44. h5 Re8 45. Qd2 g5 46. Qc2 Qd7 47. h6+ Kg8 48. Bh5 Re4 49. Qf2 Qe7 50.
Bf3 Re6 51. Bg4 f5 52. Qxf5 Rxh6 53. Bf3 Qf6 54. Bxd5+ Bxd5+ 55. Qxd5+ Kh8 56. Rf1
Rh2+ 57. Kxh2 Qxf1 58. Qd8+ Kg7 59. Qxg5+ Kh8 60. Qf4 Qe2+ 61. Kg1 Qd1+ 62. Qf1  1-0

[Event "Olomouc Chess Summer 2025 - D2"]
[Site "Olomouc (CZE), Hotel Flora"]
[Date "2025.08.20"]
[Round "5"]
[Board "12"]
[White "Svub, Jan"]
[Black "Mojzis, Jan"]
[Result "1/2-1/2"]
[WhiteElo "1894"]
[BlackElo "2028"]
[PlyCount "0"]
[EventDate "2025.08.17"]
[EventRounds "9"]
[EventCountry "CZE"]

1. d4 d5 2. Nf3 c5 3. e3 e6 4. Be2 Nc6 5. O-O Nf6 6. c4 Be7 7. Nc3 O-O 8. b3 b6 9.
Bb2 Bb7 10. cxd5 exd5 11. Rc1 Rc8 12. h3  1/2-1/2

[Event "Olomouc Chess Summer 2025 - D2"]
[Site "Olomouc (CZE), Hotel Flora"]
[Date "2025.08.20"]
[Round "5"]
[Board "13"]
[White "Kotva, Milan"]
[Black "Andersen, Per O"]
[Result "0-1"]
[WhiteElo "1884"]
[BlackElo "1999"]
[PlyCount "0"]
[EventDate "2025.08.17"]
[EventRounds "9"]
[EventCountry "CZE"]

1. e4 c5 2. c3 Nf6 3. d3 e6 4. f4 Nc6 5. Nf3 d6 6. Be2 Bd7 7. Nbd2 Rc8 8. b3 Be7
9. Nf1 O-O 10. Ng3 b5 11. O-O b4 12. c4 Ne8 13. Bb2 Bf6 14. e5 dxe5 15. fxe5 Be7
16. Ne4 f6 17. exf6 Nxf6 18. Qe1 Nxe4 19. dxe4 Bf6 20. e5 Be7 21. Rd1 Qc7 22. Bd3
Be8 23. Qg3 g6 24. Ng5 Rxf1+ 25. Rxf1 Bxg5 26. Qxg5 Qd8 27. Qe3 Qe7 28. Rf6 Rd8 29.
h4 Nd4 30. g4 Qg7 31. Rf2 Bc6 32. Bf1 Rf8 33. Bg2 Rxf2 34. Kxf2 Bxg2 35. Kxg2 Qb7+
36. Kg3 Qh1 37. Bxd4 cxd4 38. Qxd4 Qe1+ 39. Kh3 Qc3+  0-1

[Event "Olomouc Chess Summer 2025 - D2"]
[Site "Olomouc (CZE), Hotel Flora"]
[Date "2025.08.20"]
[Round "5"]
[Board "14"]
[White "Lexa, Vaclav"]
[Black "Spanton, Tim R"]
[Result "0-1"]
[WhiteElo "1877"]
[BlackElo "1982"]
[PlyCount "0"]
[EventDate "2025.08.17"]
[EventRounds "9"]
[EventCountry "CZE"]

1. d4 d5 2. c4 e6 3. Nc3 c5 4. cxd5 exd5 5. e3 Nf6 6. g3 Nc6 7. Bg2 Bg4 8. Qb3 cxd4
9. Nxd5 Nxd5 10. Bxd5 Bb4+ 11. Kf1 Qe7 12. a3 Bc5 13. Qa4 O-O 14. e4 Ne5 15. Qb3
d3 16. h3 Bh5 17. Bf4 Qf6 18. Qc3 Be2+ 19. Nxe2 dxe2+ 20. Kxe2 Qa6+ 21. Kd2 Nd7 22.
Be3 Rac8 23. b4 Bxe3+ 24. Qxe3 Nf6 25. Rhc1 Nxd5 26. exd5 Rcd8 27. Rc5 b6 28. Rc3
Rxd5+ 29. Rd3 Rfd8 30. Rxd5 Rxd5+ 31. Ke1 Qb5 32. Rd1 Rxd1+ 33. Kxd1 g6 34. Kd2 Qd7+
35. Ke2 Qxh3 36. Qe8+ Kg7 37. Qe5+ Kf8 38. Qb8+ Kg7 39. Qxa7 Qe6+ 40. Kf1 h5 41.
Qa6 Qc6 42. Qd3 b5 43. Qd4+ f6 44. Qe3 g5 45. Qd3 h4 46. gxh4 gxh4 47. Qf5 Qc1+ 48.
Ke2 Qc4+ 49. Ke1 Qc3+ 50. Kf1 Qa1+ 51. Kg2 Qe5 52. Qd7+ Kh6 53. Kh3 f5 54. Qd2+ f4
55. Kxh4 Qh5#  0-1

[Event "Olomouc Chess Summer 2025 - D2"]
[Site "Olomouc (CZE), Hotel Flora"]
[Date "2025.08.20"]
[Round "5"]
[Board "15"]
[White "Franc, Lubor"]
[Black "Malinovsky, Petr"]
[Result "1/2-1/2"]
[WhiteElo "1849"]
[BlackElo "1977"]
[PlyCount "0"]
[EventDate "2025.08.17"]
[EventRounds "9"]
[EventCountry "CZE"]

1. e4 c5 2. Nf3 Nc6 3. d4 cxd4 4. Nxd4 g6 5. g3 Bg7 6. Nb3 Nf6 7. Bg2 O-O 8. O-O
d6 9. h3 Be6 10. Nc3 Bc4 11. Re1 Nd7 12. Nd5 Ba6 13. Bf1 Bxf1 14. Rxf1 Nde5 15. c3
Qd7 16. Kg2 f5 17. f4 Nf7 18. e5 Rad8 19. exd6 Qxd6 20. Ne3 Qc7 21. Qe2 e5 22. Nc2
Rfe8 23. Qc4 Kh8 24. Be3 Nd6 25. Qe2 exf4 26. gxf4 Ne4 27. Rad1 Ne7 28. Rxd8 Rxd8
29. Rd1 Nd5 30. Qf3 Bh6 31. Bd4+ Kg8 32. Be5 Qe7 33. Nbd4 a6 34. Kh1 Qh4 35. Rg1
Kf7 36. Ne2 Ndf6 37. Bxf6 Qxf6 38. Ncd4 Bf8 39. Ng3 Nxg3+  1/2-1/2

[Event "Olomouc Chess Summer 2025 - D2"]
[Site "Olomouc (CZE), Hotel Flora"]
[Date "2025.08.20"]
[Round "5"]
[Board "16"]
[White "Kolek, Josef"]
[Black "Bjornes, Leif"]
[Result "1/2-1/2"]
[WhiteElo "1846"]
[BlackElo "1963"]
[PlyCount "0"]
[EventDate "2025.08.17"]
[EventRounds "9"]
[EventCountry "CZE"]

1. e4 c6 2. d4 d5 3. exd5 cxd5 4. c4 Nf6 5. Nc3 g6 6. Nf3 Bg7 7. Be3 O-O 8. Be2 Nc6
9. O-O a6 10. a3 dxc4 11. Bxc4 b5 12. Be2 e6 13. Qd2 Bb7 14. Rfd1 Ne7 15. Ne5 Nfd5
16. Nxd5 Bxd5 17. b4 Nf5 18. Bf3 Rc8 19. Bxd5 Qxd5 20. f4 Rc7 21. Rac1 Rfc8 22. Rc5
Qb3 23. Qd3 Qxd3 24. Rxd3 Bf8 25. Bf2 Bxc5 26. dxc5 Ne7 27. Rd6 Nc6 28. Bh4 Nxe5
29. fxe5 Rc6 30. Bf6  1/2-1/2

[Event "Olomouc Chess Summer 2025 - D2"]
[Site "Olomouc (CZE), Hotel Flora"]
[Date "2025.08.20"]
[Round "5"]
[Board "17"]
[White "Macoun, Jiri"]
[Black "Meizlin, Yaacov"]
[Result "0-1"]
[WhiteElo "1744"]
[BlackElo "1925"]
[PlyCount "0"]
[EventDate "2025.08.17"]
[EventRounds "9"]
[EventCountry "CZE"]

1. e4 d6 2. Bc4 Nf6 3. d3 c6 4. Nc3 g6 5. Bb3 Bg7 6. f4 a5 7. a3 O-O 8. Nf3 Nbd7
9. O-O Nc5 10. Ba2 Be6 11. Be3 Bxa2 12. Rxa2 Ng4 13. Bd2 d5 14. e5 d4 15. Ne2 Ne6
16. h3 Nh6 17. Qe1 f6 18. Ng3 Qd5 19. Ra1 fxe5 20. fxe5 Nf7 21. c4 dxc3 22. Bxc3
Qxd3 23. Bxa5 Nxe5 24. Rd1 Qb5 25. Bb4 Nxf3+ 26. Rxf3 Rxf3 27. gxf3 Nd4 28. Kg2 Qd5
29. Qf2 c5 30. Bc3 Rf8 31. Rd3 e5 32. Qe3 c4 33. Rd2 Rxf3 34. Qe4 Rxg3+  0-1